Language Quiz

Random Language or Spanish Quiz
Score 0/8 Timer 08:00
0 Plays Today
Question Answer Wrong Answers
Juan ha comido el queso. El queso está _____ Juan. dentro de
77.8%
desde
11.1%
hacia
11.1%
a causa de
0%
Juan está sentado sobre el queso. El queso está ____ Juan. debajo de
77.8%
a través de
0%
lejos de
22.2%
delante de
0%
Juan posee un queso, así que es el queso _____ Juan. de
66.7%
como
22.2%
alrededor de
0%
salvo
11.1%
Antes de que Juan lo comió, el queso estaba ____ Juan. fuera de
55.6%
según
0%
a
11.1%
con respecto a
33.3%
Isabel da un queso, con la intención de que Juan lo coma. El queso es ____ Juan. para
55.6%
entre
33.3%
durante
11.1%
a diferencia de
0%
Juan no asistió a la reunión, así que pusieron un queso sobre su asiento. El queso estaba ____ Juan. en lugar de
44.4%
por
11.1%
en
0%
además de
33.3%
Juan lleva el queso como si fuera un sombrero. El queso está ____ Juan. sobre
44.4%
más allá de
0%
antes de
33.3%
sin
11.1%
¡Pregunta final! Enrique es CONTRA el queso. ¿Qué es la comida favorita de Enrique? los melocotones
33.3%
el Manchego
11.1%
el queso de Mahón
22.2%
el queso de Cabrales
22.2%
Remove Ads.
Support Sporcle.
Get the best of Sporcle when you Go Orange. This ad-free experience offers more features, more stats, and more fun while also helping to support Sporcle. Thank you for becoming a member.

You're not logged in!

Compare scores with friends on all Sporcle quizzes.
OR
Log In

Sporcle TV

Today on Sporcle TV


Watch our educational content, quiz creation guides, and fun videos on Sporcle TV.

Show Comments

Extras

Top Quizzes Today


Score Distribution

Paid Content

Your Account Isn't Verified!

In order to create a playlist on Sporcle, you need to verify the email address you used during registration. Go to your Sporcle Settings to finish the process.

Report this User

Report this user for behavior that violates our Community Guidelines.

Details: